| 000 | 00961cam a2200301 a 4500 | ||
|---|---|---|---|
| 001 | 000020113 | ||
| 003 | DO-SdBNP | ||
| 005 | 20230331103314.0 | ||
| 007 | 000020113 | ||
| 008 | 700702s2006 ck d spa d | ||
| 020 | _a9583005002 | ||
| 040 |
_aBPMSU _bspa _cBPMSU |
||
| 082 | 4 |
_a822.33 _bS527r 2006 _222 |
|
| 100 | 1 |
_aShakespeare, William, _d1564-1616 |
|
| 245 | 1 | 0 |
_aRomeo y Julieta / _cWilliam Shakespeare ; traducción Marcelino Menéndez y Pelayo ; prólogo Jorge Plata S. |
| 260 |
_aBogotá, Colombia : _bEditorial Panamericana _c2006 |
||
| 300 |
_a126 p. ; _c21 cm. |
||
| 490 | 0 |
_aJoyas del milenio _v4 |
|
| 534 |
_aTítulo original: _t Romeo and Juliet |
||
| 590 | _6Inventariado, 2023/VM | ||
| 650 | 4 | _aTeatro inglés | |
| 650 | 4 |
_aAmor _vTeatro. |
|
| 650 | 4 | _aLiteratura inglesa | |
| 700 | 1 |
_a Menéndez y Pelayo, Marcelino _etr. |
|
| 700 | 1 |
_aPlata S., Jorge _epról. |
|
| 910 | _aVMateo V./ Validado. Control de calidad MFF | ||
| 942 |
_2ddc _cBK |
||
| 999 |
_c7795 _d7795 |
||